[Event "New Delhi Matrix Cup 4th"]
[Site "New Delhi"]
[Date "2025.01.05"]
[Round "5"]
[White "Vairaj, Sogerwal"]
[Black "Saraswat, Aadarsh"]
[Result "1/2-1/2"]
[WhiteElo "1876"]
[BlackElo "1652"]
[PlyCount "120"]
[EventDate "2025.01.03"]
[EventType "swiss"]
[EventRounds "9"]
[EventCountry "IND"]
[SourceTitle "CB03_2025"]
[SourceDate "2025.01.15"]
[SourceVersion "1"]
[SourceVersionDate "2025.01.15"]
[SourceQuality "1"]

1. d4 Nf6 2. Nf3 d5 3. c4 e6 4. g3 Bb4+ 5. Bd2 Be7 6. Qc2 0-0 7. Bg2 c6 8. 0-0 b6 9. Ne5 Bb7 10. cxd5 cxd5 11. Rc1 Nfd7 12. Qc7 Ba6 13. Nd3 Bxd3 14. exd3 Na6 15. Qc2 Rc8 16. Qb3 Rxc1+ 17. Bxc1 Nb4 18. Be3 Qb8 19. a3 Nc6 20. Nd2 Bf6 21. Nf3 b5 22. Rc1 Rc8 23. Qc3 Nb6 24. Qd2 h6 25. Bf4 Qb7 26. Be5 Bxe5 27. dxe5 Qc7 28. Qe3 Qb8 29. h4 Kh7 30. Kh1 b4 31. Qf4 bxa3 32. bxa3 Nd8 33. g4 Nd7 34. Rxc8 Qxc8 35. Qa4 Qc1+ 36. Kh2 Nc5 37. Qxa7 Qf4+ 38. Kh3 Nxd3 39. Qe3 Qxe3 40. fxe3 Nc6 41. Nd4 Ncxe5 42. a4 Nf2+ 43. Kg3 Nfxg4 44. Kf4 g5+ 45. hxg5 hxg5+ 46. Kxg5 Nxe3 47. Bh3 N3c4 48. Kf6 Kg8 49. Nxe6 fxe6 50. Bxe6+ Kf8 51. Bxd5 Nb6 52. a5 Nxd5+ 53. Kxe5 Ke8 54. Kd6 Kd8 55. Kxd5 Kc7 56. Kc5 Kb7 57. Kb5 Ka7 58. a6 Ka8 59. Kb6 Kb8 60. a7+ Ka8 1/2-1/2

[Event "Jaipur op 1st"]
[Site "Jaipur"]
[Date "2024.05.29"]
[Round "2"]
[White "Majumder, Shrayan"]
[Black "Saraswat, Aadarsh"]
[Result "1-0"]
[WhiteElo "2134"]
[BlackElo "1599"]
[PlyCount "70"]
[EventDate "2024.05.29"]
[EventType "swiss"]
[EventRounds "9"]
[EventCountry "IND"]
[SourceTitle "CBM 220 Extra"]
[Source "ChessBase"]
[SourceDate "2024.07.31"]
[SourceVersion "1"]
[SourceVersionDate "2024.07.31"]
[SourceQuality "1"]

1. d4 Nf6 2. Nf3 d5 3. e3 c5 4. Be2 Nc6 5. 0-0 g6 6. dxc5 Bg7 7. c4 dxc4 8. Qa4 0-0 9. Rd1 Qa5 10. Qxa5 Nxa5 11. Bd2 Nc6 12. Nc3 Nd7 13. Na4 Nce5 14. Nxe5 Nxe5 15. Bc3 Bd7 16. Bxe5 Bxa4 17. Bxg7 Bxd1 18. Bxf8 Bxe2 19. Bxe7 b5 20. cxb6 axb6 21. Bf6 b5 22. Bc3 f5 23. f3 Kf7 24. Kf2 Bd3 25. a3 Ke6 26. h3 h5 27. Rg1 Ra7 28. g4 fxg4 29. hxg4 Rf7 30. gxh5 gxh5 31. Rg5 Rf5 32. Rg6+ Kd5 33. Rb6 Bc2 34. Bb4 Bd3 35. Rd6+ Ke5 1-0